<?xml version="1.0" encoding="UTF-8"?>
<record
    xmlns:xsi="http://www.w3.org/2001/XMLSchema-instance"
    xsi:schemaLocation="http://www.loc.gov/MARC21/slim http://www.loc.gov/standards/marcxml/schema/MARC21slim.xsd"
    xmlns="http://www.loc.gov/MARC21/slim">

  <leader>00844cam a22002411  4500</leader>
  <datafield tag="999" ind1=" " ind2=" ">
    <subfield code="c">5926</subfield>
    <subfield code="d">5926</subfield>
  </datafield>
  <controlfield tag="001">2637037</controlfield>
  <controlfield tag="003">OSt</controlfield>
  <controlfield tag="005">20190111102406.0</controlfield>
  <controlfield tag="008">730515s1949    nyu           000 0 eng  </controlfield>
  <datafield tag="010" ind1=" " ind2=" ">
    <subfield code="a">   50000267 </subfield>
  </datafield>
  <datafield tag="040" ind1=" " ind2=" ">
    <subfield code="a">DLC</subfield>
    <subfield code="c">DLC</subfield>
    <subfield code="d">DLC</subfield>
  </datafield>
  <datafield tag="050" ind1="0" ind2="0">
    <subfield code="a">B2758</subfield>
    <subfield code="b">.F7</subfield>
  </datafield>
  <datafield tag="082" ind1="0" ind2="0">
    <subfield code="a">193</subfield>
    <subfield code="b">K16P</subfield>
  </datafield>
  <datafield tag="100" ind1="1" ind2=" ">
    <subfield code="a">Kant, Immanuel,</subfield>
    <subfield code="d">1724-1804.</subfield>
  </datafield>
  <datafield tag="245" ind1="0" ind2="4">
    <subfield code="a">The philosophy of Kant;</subfield>
    <subfield code="b">Immanuel Kant's moral and political writings.</subfield>
    <subfield code="c">Edited, with an introd., by Carl J. Friedrich.</subfield>
  </datafield>
  <datafield tag="260" ind1=" " ind2=" ">
    <subfield code="a">New York,</subfield>
    <subfield code="b">Modern Library</subfield>
    <subfield code="c">[1949]</subfield>
  </datafield>
  <datafield tag="300" ind1=" " ind2=" ">
    <subfield code="a">l, 476 p.</subfield>
    <subfield code="c">19 cm.</subfield>
  </datafield>
  <datafield tag="490" ind1="0" ind2=" ">
    <subfield code="a">The Modern library of the world's best books [266]</subfield>
  </datafield>
  <datafield tag="500" ind1=" " ind2=" ">
    <subfield code="a">"Kant's more important books, articles and reviews": p. xlvii-L.</subfield>
  </datafield>
  <datafield tag="700" ind1="1" ind2=" ">
    <subfield code="a">Friedrich, Carl J.</subfield>
    <subfield code="q">(Carl Joachim),</subfield>
    <subfield code="d">1901-1984,</subfield>
    <subfield code="e">ed.</subfield>
  </datafield>
  <datafield tag="906" ind1=" " ind2=" ">
    <subfield code="a">7</subfield>
    <subfield code="b">cbc</subfield>
    <subfield code="c">orignew</subfield>
    <subfield code="d">u</subfield>
    <subfield code="e">ocip</subfield>
    <subfield code="f">19</subfield>
    <subfield code="g">y-gencatlg</subfield>
  </datafield>
  <datafield tag="942" ind1=" " ind2=" ">
    <subfield code="2">ddc</subfield>
    <subfield code="c">BK</subfield>
  </datafield>
  <datafield tag="952" ind1=" " ind2=" ">
    <subfield code="0">0</subfield>
    <subfield code="1">0</subfield>
    <subfield code="2">ddc</subfield>
    <subfield code="4">0</subfield>
    <subfield code="7">0</subfield>
    <subfield code="8">NFIC</subfield>
    <subfield code="a">HMC</subfield>
    <subfield code="b">HMC</subfield>
    <subfield code="c">GEN</subfield>
    <subfield code="d">2019-01-11</subfield>
    <subfield code="g">1560.00</subfield>
    <subfield code="l">0</subfield>
    <subfield code="o">193 K16P</subfield>
    <subfield code="p">006724</subfield>
    <subfield code="r">2019-01-11 00:00:00</subfield>
    <subfield code="w">2019-01-11</subfield>
    <subfield code="y">BK</subfield>
  </datafield>
</record>
